000 00821nam a2200253Ia 4500
003 OSt
005 20220923220706.0
006 a|||||r|||| 00| 0
007 ta
008 220922b |||||||| |||| 00| 0 hin d
024 _a189,229
037 _cTextual
040 _aARTS
_cARTS
_bhin
041 _2hin
_ahin
082 _aO152,2N19x, J6
100 _aअग्रवाल, भारत भूषण
245 0 _aऔर खाई बढ़ती गई
246 _aAur khāī baढ़tī gaī
260 _aकाशी
_b भारतीय ज्ञानपीठ
_c1956
300 _a150पृ.
_ccm.
650 _aहिन्दी साहित्य
_9156264
942 _hO152,2N19x, J6
_cTEXL
_2CC
999 _c342082
_d342082